000 00854nam a2200253Ia 4500
003 OSt
005 20220923220036.0
006 a|||||r|||| 00| 0
007 ta
008 220922b |||||||| |||| 00| 0 hin d
024 _a183,783
037 _cTextual
040 _aARTS
_cARTS
_bhin
041 _2hin
_ahin
082 _aO152,1N22x, K2
100 _aदिनेश, देवराज
_9156318
245 0 _aजीवन और जवानी कविता संग्रह
246 _aJīvan aur javānī kavitā sangraha
260 _aदिल्ली
_b आत्माराम एण्ड संस
_c1962
300 _a126 पृ.
_ccm.
650 _aहिन्दी साहित्य
_9156264
942 _hO152,1N22x, K2
_cTEXL
_2CC
999 _c337103
_d337103